[Event "Manizales zt U16 integr Centro"]
[Site "Manizales"]
[Date "2014.05.16"]
[Round "3.6"]
[White "Figeroa Salcedo, Reinaldo Arturo"]
[Black "Rodriguez, Miguel Angel"]
[Result "1-0"]
[WhiteElo "1706"]
[BlackElo "1548"]
[PlyCount "22"]
[EventDate "2014.05.15"]
[EventType "swiss"]
[EventRounds "6"]
[EventCountry "COL"]
[SourceTitle "EXT 2024"]
[Source "ChessBase"]
[SourceDate "2023.10.10"]
[SourceVersion "1"]
[SourceVersionDate "2023.10.10"]
[SourceQuality "1"]

1. e4 d5 2. exd5 Qxd5 3. Nc3 Qa5 4. d4 c6 5. Bc4 Nf6 6. Nf3 Bg4 7. h3 Bh5 8. 0-0 Nbd7 9. d5 cxd5 10. Nxd5 Rc8 11. Bb3 Rc7 1-0

[Event "COL-ch"]
[Site "Ibague"]
[Date "2013.07.06"]
[Round "9"]
[White "Figeroa Salcedo, Reinaldo Arturo"]
[Black "Sanchez Lopez, Luis Antonio"]
[Result "1/2-1/2"]
[WhiteElo "1717"]
[BlackElo "1642"]
[PlyCount "30"]
[EventDate "2013.07.01"]
[EventType "swiss"]
[EventRounds "11"]
[EventCountry "COL"]
[SourceTitle "EXT 2014"]
[Source "ChessBase"]
[SourceDate "2013.11.20"]
[SourceVersion "1"]
[SourceVersionDate "2013.11.20"]
[SourceQuality "1"]

1. e4 e5 2. Nf3 Nc6 3. Bc4 Bc5 4. c3 Nf6 5. d4 exd4 6. cxd4 Bb4+ 7. Nc3 d6 8. 0-0 Bg4 9. a3 Bxc3 10. bxc3 Nxe4 11. d5 Ne7 12. Qd4 Bxf3 13. gxf3 Nf6 14. Re1 Kf8 15. Bg5 Qd7 1/2-1/2

[Event "Ortega op 3rd"]
[Site "Ortega"]
[Date "2013.06.10"]
[Round "7"]
[White "Figeroa Salcedo, Reinaldo Arturo"]
[Black "Pinilla, Diego Alexander"]
[Result "1/2-1/2"]
[WhiteElo "1754"]
[BlackElo "1666"]
[PlyCount "41"]
[EventDate "2013.06.07"]
[EventType "swiss"]
[EventRounds "8"]
[EventCountry "COL"]
[SourceTitle "CBM 154 Extra"]
[Source "ChessBase"]
[SourceDate "2013.06.25"]
[SourceVersion "2"]
[SourceVersionDate "2013.06.25"]
[SourceQuality "1"]

1. e4 d5 2. exd5 Nf6 3. c4 e6 4. dxe6 Bxe6 5. Nf3 Nc6 6. Be2 Bc5 7. Nc3 0-0 8. 0-0 Nd4 9. Nxd4 Qxd4 10. d3 Qh4 11. Be3 Bd6 12. g3 Qh3 13. f4 Bg4 14. Rf2 Rfe8 15. Qd2 Rad8 16. Bf1 Qh5 17. h3 Bf5 18. g4 Bxg4 19. hxg4 Qxg4+ 20. Rg2 Qf3 21. Be2 1/2-1/2

[Event "Ortega op 3rd"]
[Site "Ortega"]
[Date "2013.06.09"]
[Round "5"]
[White "Figeroa Salcedo, Reinaldo Arturo"]
[Black "Acosta Cubides, Jorian Jared"]
[Result "0-1"]
[WhiteElo "1754"]
[BlackElo "1969"]
[PlyCount "52"]
[EventDate "2013.06.07"]
[EventType "swiss"]
[EventRounds "8"]
[EventCountry "COL"]
[SourceTitle "CBM 154 Extra"]
[Source "ChessBase"]
[SourceDate "2013.06.25"]
[SourceVersion "2"]
[SourceVersionDate "2013.06.25"]
[SourceQuality "1"]

1. d4 Nf6 2. c4 g6 3. Nc3 Bg7 4. e4 d6 5. Nf3 0-0 6. Be2 c5 7. d5 Nbd7 8. 0-0 Nb6 9. h3 e5 10. Be3 Nfd7 11. Nb5 Qe7 12. a4 Nf6 13. a5 Nbd7 14. Qc2 a6 15. Nc3 Nh5 16. Ng5 Nf4 17. Bxf4 exf4 18. Nf3 Ne5 19. Nxe5 Qxe5 20. Bf3 Qg5 21. Kh2 Be5 22. Rg1 f5 23. g3 fxg3+ 24. fxg3 fxe4 25. Bxe4 Qh5 26. Qg2 Rf2 0-1

[Event "Puerto Boyaca op"]
[Site "Puerto Boyaca"]
[Date "2012.04.27"]
[Round "3"]
[White "Prieto, Ernesto"]
[Black "Figeroa Salcedo, Reinaldo Arturo"]
[Result "1-0"]
[WhiteElo "2102"]
[BlackElo "1738"]
[PlyCount "73"]
[EventDate "2012.04.26"]
[EventType "swiss"]
[EventRounds "10"]
[EventCountry "COL"]
[SourceTitle "CBM 148 Extra"]
[Source "ChessBase"]
[SourceDate "2012.06.22"]
[SourceVersion "1"]
[SourceVersionDate "2012.06.22"]
[SourceQuality "1"]

1. e4 e5 2. Nc3 Nc6 3. f4 Bc5 4. Nf3 d6 5. Na4 Bg4 6. Bb5 Bb6 7. Nxb6 axb6 8. 0-0 Nf6 9. h3 Bxf3 10. Qxf3 0-0 11. c3 Nd7 12. Bxc6 bxc6 13. d4 c5 14. fxe5 cxd4 15. cxd4 dxe5 16. d5 Qf6 17. Qg4 Qd6 18. Be3 Nf6 19. Qf3 c6 20. dxc6 Qxc6 21. Rfc1 Qxe4 22. Qxe4 Nxe4 23. Bxb6 Ng3 24. Kf2 Ne4+ 25. Ke3 f5 26. a4 Rfb8 27. a5 Nf6 28. Rd1 f4+ 29. Ke2 Kf7 30. Rac1 Rc8 31. Rxc8 Rxc8 32. a6 e4 33. a7 Rc2+ 34. Rd2 f3+ 35. gxf3 exf3+ 36. Kxf3 Rxd2 37. a8Q 1-0

[Event "Tolima Region-ch"]
[Site "Tolima"]
[Date "2012.03.04"]
[Round "5.1"]
[White "Rengifo Escobar, Martha"]
[Black "Figeroa Salcedo, Reinaldo Arturo"]
[Result "0-1"]
[WhiteElo "1511"]
[BlackElo "1738"]
[PlyCount "55"]
[EventDate "2012.03.02"]
[EventType "swiss"]
[EventRounds "6"]
[EventCountry "COL"]
[SourceTitle "EXT 2024"]
[Source "ChessBase"]
[SourceDate "2023.10.10"]
[SourceVersion "1"]
[SourceVersionDate "2023.10.10"]
[SourceQuality "1"]

1. d4 d5 2. Nf3 Nf6 3. Nc3 c6 4. h3 Bf5 5. e3 Nbd7 6. Be2 e6 7. 0-0 Bb4 8. Bd2 Bxc3 9. Bxc3 0-0 10. Nh4 Ne4 11. f3 Nxc3 12. bxc3 Qxh4 13. Rb1 b5 14. Bd3 Bg6 15. Qe2 Qg3 16. f4 Be4 17. Qg4 Qxe3+ 18. Kh2 Bxd3 19. Rf3 Be2 20. Rxe3 Bxg4 21. hxg4 Nf6 22. g5 Ng4+ 23. Kg3 Nxe3 24. Rb2 f6 25. Kf3 Nc4 26. Rb3 Nd2+ 27. Ke3 Nxb3 28. cxb3 0-1

[Event "Tolima Region-ch"]
[Site "Tolima"]
[Date "2012.03.03"]
[Round "4"]
[White "Basto, Yamid"]
[Black "Figeroa Salcedo, Reinaldo Arturo"]
[Result "1-0"]
[WhiteElo "1623"]
[BlackElo "1738"]
[PlyCount "77"]
[EventDate "2012.03.02"]
[EventType "swiss"]
[EventRounds "6"]
[EventCountry "COL"]
[SourceTitle "CBM 147 Extra"]
[Source "ChessBase"]
[SourceDate "2012.04.24"]
[SourceVersion "1"]
[SourceVersionDate "2012.04.24"]
[SourceQuality "1"]

1. e4 e5 2. Nf3 Nc6 3. Bc4 Bc5 4. c3 Nf6 5. d4 exd4 6. e5 d5 7. Bb5 Ne4 8. cxd4 Bb4+ 9. Bd2 Bxd2+ 10. Nbxd2 Bd7 11. 0-0 0-0 12. Re1 Ng5 13. Rc1 a6 14. Ba4 Nxf3+ 15. Nxf3 Ne7 16. Bxd7 Qxd7 17. Qc2 c6 18. Ng5 Ng6 19. Re3 Qg4 20. Rg3 Qxd4 21. e6 f6 22. Nxh7 Nf4 23. Nxf8 Rxf8 24. Re1 Qb4 25. Rge3 d4 26. Re4 f5 27. a3 Qd6 28. Rxf4 Qxf4 29. e7 Re8 30. Qc4+ Kh8 31. Qf7 Qb8 32. Qxf5 b6 33. Qh3+ Kg8 34. Qe6+ Kh7 35. Re4 g5 36. Qf7+ Kh8 37. Qh5+ Kg8 38. Qxg5+ Kf7 39. Qf5+ 1-0

[Event "Tolima Region-ch"]
[Site "Tolima"]
[Date "2012.03.03"]
[Round "2"]
[White "Figeroa Salcedo, Reinaldo Arturo"]
[Black "Sanchez, Carlos Fernando"]
[Result "1-0"]
[WhiteElo "1738"]
[BlackElo "1616"]
[PlyCount "59"]
[EventDate "2012.03.02"]
[EventType "swiss"]
[EventRounds "6"]
[EventCountry "COL"]
[SourceTitle "CBM 147 Extra"]
[Source "ChessBase"]
[SourceDate "2012.04.24"]
[SourceVersion "1"]
[SourceVersionDate "2012.04.24"]
[SourceQuality "1"]

1. e4 e6 2. Nf3 c5 3. Nc3 a6 4. a4 Be7 5. d4 d5 6. dxc5 Bxc5 7. exd5 Qb6 8. Qd2 Nf6 9. dxe6 Bxe6 10. Bd3 0-0 11. 0-0 Nc6 12. Ne4 Be7 13. c3 Rac8 14. Qc2 h6 15. Be3 Qa5 16. Rfe1 Rfd8 17. Rad1 Qc7 18. Nd4 Ng4 19. g3 Nxd4 20. Bxd4 Rxd4 21. cxd4 Qxc2 22. Bxc2 Rxc2 23. d5 Bb4 24. dxe6 Bxe1 25. e7 Bxf2+ 26. Kh1 Ba7 27. e8Q+ Kh7 28. Ng5+ Kg6 29. Qxf7+ Kxg5 30. Rd5+ 1-0